| 000 | 02250nam a2200325Ia 4500 | ||
|---|---|---|---|
| 999 |
_c38596 _d38596 |
||
| 001 | 4713 | ||
| 003 | GE_BSU | ||
| 005 | 20241122095920.0 | ||
| 008 | 181216s2009||||ge |||||||||||||| ||geo|| | ||
| 020 | _a9789941160264 | ||
| 040 | _cGE_BSU | ||
| 041 | _ageo | ||
| 080 | _a657 + 005.932.5 + 005.642.8 + 330.44 + 336.532.1 + 657 მ–30 | ||
| 245 |
_aმმართველობითი აღრიცხვა : _bსახელმძღვ. / _cტკინოსნი, ა. ენტონი. კაპლანი, ს. რობერტ. ელა მეა მათსუმურა. ს. მარკ იანგი ; მთარგმნ. ნათია მორჩილაძე. მეცნ. რედ. ეკა გეგეშიძე. ლიტ. რედ. მერაბ ცაგარეიშვილი. წინასიტყვ. რალფ კან ტერი. |
||
| 250 | _aმე–5 გამოც. | ||
| 264 |
_aთბილისი : _bსაქართველოს მაცნე ; _c2009. |
||
| 300 |
_a662 გვ. : _bცხრილები ფოტოები ; _c 26 სმ. |
||
| 504 | _aლექსიკონი : გვ. 657 – საძიებელი გვ.658–662 | ||
| 541 | _h50 ლ. | ||
| 653 | _aმმართველობითი აღრიცხვა | ||
| 700 |
_aტკინოსნი, ა. ენტონი _eავტორი _93312 |
||
| 700 |
_aკაპლანი, ს. რობერტ _eავტორი _93313 |
||
| 700 |
_aელა მეა მათსუმურა _eავტორი _93314 |
||
| 700 |
_a ს. მარკ იანგი. _eავტორი _93315 |
||
| 700 |
_aმორჩილაძე, ნათია _eმთარგმნელი _93316 |
||
| 700 |
_aგეგეშიძე, ეკა _eმეცნიერ რედაქტორი _9825 |
||
| 700 |
_aრალფ კან ტერი _eწინასიტყვაობა _93317 |
||
| 856 |
_uhttps://dspace.nplg.gov.ge/bitstream/1234/407620/1/Mmartvelobiti_Aghricxva_2009.pdf _yელექტრონული ვერსია |
||
| 942 |
_cBK _2udc |
||